000 00863nam a22002177a 4500
999 _c6103
_d6103
003 AR-CdUCM
008 190313b ||||| |||| 00| 0 spa d
040 _aMUNICIPALIDAD PROVINCIAL DEL CUSCO
_cBIBLIOTECA MUNICIPAL DEL CUSCO
082 _a300 /
_bM22
100 _aManrique Enriquez, Fernando
_917729
245 _aPachasofia y Runasofia Andina /
260 _aPerú :
_bCONCYTEC,
_c2002.
300 _a115 páginas ;
_c20 cm.
440 _aColección Episteme ;
_n5
_917730
505 _aContenido : Culturas Andinas y su ubicación -- Presencia histórica de América y del tawantinsuyo -- La Filosofía y América Precolombina -- Pacha como tierra y como paisaje -- Pacha como imagen espacio - tiempo...
650 _aCulturas Andinas
_917731
650 _aPachamamá
_917732
650 _aFilosofía Andina
_911655
942 _2ddc
_cLIBROS
945 _artm